000
00243nam a2200097Ia 4500
001
711340
005
20250826162806.0
008
250824s9999 xx 000 0 und d
245
0
_a
ARŞİMET ZEKAİ TATİLDE
_c
DURAN ÇETİN
260
_b
ATLIKARINCA
999
_c
711340
_d
711340